Mapuches y aymaras : el debate en torno al reconocimiento y los derechos ciudadanos /

Este libro reflexiona, desde las ciencias sociales, acerca del sentido y la posibilidad de las demandas de reconocimiento y una forma de ciudadanía sensible a la diferencia de las culturas sociales. Mientras Foerster y Vergara indagan en la lucha por el reconocimiento, Gundermann intenta dilucidar l...

Full description

Bibliographic Details
Main Author: Gundermann Kroll, Hans
Other Authors: Foerster, Rolf 1952-, Vergara, Jorge Iván
Format: Libro
Language:English
Published: Santiago, Chile Universidad de Chile 2003
Series:Debates y reflexiones Serie de investigación.
Subjects:
Online Access:

MARC

LEADER 00000cam a2200000 a 4500
001 007879
003 UAHC_CL
005 20170803120408.0
008 040721b xx j 000 1 eng
020 |a 9562842703 
040 |a UAHC_CL  |c UAHC_CL  |d UAHC_CL 
100 1 |a Gundermann Kroll, Hans 
245 1 0 |a Mapuches y aymaras : el debate en torno al reconocimiento y los derechos ciudadanos /  |c Hans Gundermann Kröll, Rolf Foerster Gonález, Jorge Iván Vergara del Solar. 
260 |b Universidad de Chile  |c 2003  |a Santiago, Chile 
300 |a 188 p. 
490 0 |a Debates y reflexiones Serie de investigación. 
520 |a Este libro reflexiona, desde las ciencias sociales, acerca del sentido y la posibilidad de las demandas de reconocimiento y una forma de ciudadanía sensible a la diferencia de las culturas sociales. Mientras Foerster y Vergara indagan en la lucha por el reconocimiento, Gundermann intenta dilucidar la experiencia de 1a ciudadanía en las poblaciones andinas.\Es diffcil exagerar la irnportancia de este texto. El discurso de las cienciasen la media, habla que contribuye a la realidad 
521 |a Etnología I 
521 |a Etnología II 
650 4 |a PUEBLOS INDIGENAS  |x SITUACION JURIDICA 
653 |a ANTROPOLOGIA 
658 |a Manríquez, Viviana 
658 |a Vergara, Francisco 
658 |a Muñoz, Diego 
700 1 |a Foerster, Rolf  |d 1952- 
700 1 |a Vergara, Jorge Iván 
900 |a 323 GUN 
942 |c BK 
952 |0 0  |1 0  |4 0  |6 323_000000000000000_GUN  |7 0  |8 General  |9 17001  |a BC  |b BC  |c General  |d 2017-08-03  |l 0  |o 323 GUN  |p 1344619  |r 2026-01-07 00:00:00  |t 1  |w 2017-08-03  |y BK 
952 |0 0  |1 0  |4 0  |6 323_000000000000000_GUN  |7 0  |8 General  |9 17002  |a BC  |b BC  |c General  |d 2017-08-03  |l 0  |o 323 GUN  |p 1344620  |r 2026-01-07 00:00:00  |t 2  |w 2017-08-03  |y BK 
952 |0 0  |1 0  |4 0  |6 323_000000000000000_GUN  |7 0  |8 General  |9 17003  |a BC  |b BC  |c General  |d 2017-08-03  |l 0  |o 323 GUN  |p 1344623  |r 2026-01-07 00:00:00  |t 3  |w 2017-08-03  |y BK 
952 |0 0  |1 0  |4 0  |6 323_000000000000000_GUN  |7 0  |8 General  |9 17004  |a BC  |b BC  |c General  |d 2017-08-03  |l 0  |o 323 GUN  |p 1367905  |r 2026-01-07 00:00:00  |t 4  |w 2017-08-03  |y BK 
952 |0 0  |1 0  |4 0  |6 323_000000000000000_GUN  |7 0  |8 General  |9 17005  |a BC  |b BC  |c General  |d 2017-08-03  |l 0  |o 323 GUN  |p 1367906  |r 2026-01-07 00:00:00  |t 5  |w 2017-08-03  |y BK 
952 |0 0  |1 0  |4 0  |6 323_000000000000000_GUN  |7 0  |8 General  |9 17006  |a BC  |b BC  |c General  |d 2017-08-03  |l 0  |o 323 GUN  |p 1367907  |r 2026-01-07 00:00:00  |t 6  |w 2017-08-03  |y BK 
952 |0 0  |1 0  |4 0  |6 323_000000000000000_GUN  |7 0  |8 General  |9 17007  |a BC  |b BC  |c General  |d 2017-08-03  |l 0  |o 323 GUN  |p 2353  |r 2026-01-19 00:00:00  |t 7  |w 2017-08-03  |y BK  |z Fotocopia 
952 |0 0  |1 0  |4 0  |6 323_000000000000000_GUN  |7 0  |8 General  |9 17008  |a BC  |b BC  |c General  |d 2017-08-03  |l 0  |o 323 GUN  |p 2354  |r 2026-01-19 00:00:00  |t 8  |w 2017-08-03  |y BK  |z Fotocopia 
952 |0 0  |1 0  |4 0  |6 323_000000000000000_GUN  |7 0  |8 General  |9 17009  |a BC  |b BC  |c General  |d 2017-08-03  |l 0  |o 323 GUN  |p 2355  |r 2026-01-19 00:00:00  |t 9  |w 2017-08-03  |y BK  |z Fotocopia 
999 |c 7879  |d 7879